Statystyki dla Paluch - piosenki

Kliknij tutaj aby rozwiązać quiz!

Ogólne statystyki

  • Ten quiz został rozwiązany 520 razy
    (518 od ostatniego zresetowania)
  • Średni wynik to 7 z 20

Statystyki odpowiedzi

WyświetleniaNazwa piosenki% Poprawnych
71,7 mlnSzaman
92%
71,9 mlnGdybyś kiedyś
72%
71,2 mlnBez strachu
68%
34 mlnKontrola jakości
62%
29 mlnOko
60%
31 mlnCardio
52%
24 mlnBalans
47%
15,4 mlnMój kościół
41%
32 mlnDym
37%
15,7 mlnŁadni smutni ludzie
28%
18 mlnHalo ziemia
21%
14,9 mlnSzlam
21%
21,4 mlnDaj mi powód
19%
17 mlnNowy trueschool
17%
26 mlnOpary
17%
18,8 mlnW moim życiu
17%
22 mlnZa wszystko
15%
15 mlnZostawić coś po sobie
7%
21,7 mlnLecimy od lat
4%
15,1 mlnNiełatwy żywot ulicznego rapera
0%

Rozkład punktacji

Percentyl według liczby udzielonych odpowiedzi

Procent ludzi z każdym wynikiem

Twoja historia wyników

Nie rozwiązałeś tego quizu od ostatniego zresetowania